=LDR 00000nam 2200000 4500 =001 INLIS000000000002356 =005 20130612090712 =008 ***********************************Ind** =035 ##$$0010-061300000002356 =041 ##$$a Ind =082 ##$$a 811 =090 ##$$a 811, Bud s =100 ##$$a Budisantoso, S =245 ##$$a Nilai budi pekerti dalam pantun melayu, S. Budisantoso, Made Purna, Sri Mintosih =260 ##$$a 1993 $b Jakarta =300 ##$$a viii, 92 hlm, 21 cm =650 ##$$a Puisi Indonesia (Melayu) =700 ##$$a Purna, Made =850 ##$$a NBPNMAT